MISSION ECONOMY : A Moonshot Guide to Changing Capitalism

Bibliographic Details
Main Author: Mazzucato, Mariana (Author)
Format: Book
Published: UK : ALLEN LANE [2021]
Subjects:

MARC

LEADER 00000cam a2200000 7i4500
001 0000278115
005 20240403130222.0
007 t
008 220616t20212021xxk# # 1 eng
020 |a 9780241435311 
090 0 0 |a 338.9   |b MAZ 
100 1 |a Mazzucato, Mariana ,   |e author 
245 1 0 |a MISSION ECONOMY :   |b A Moonshot Guide to Changing Capitalism   |c Mariana Mazzucato 
264 1 |a UK :   |b ALLEN LANE   |c [2021] 
264 4 |c ©2021 
300 |a 244 pages ;   |c 24 cm. 
336 |a text  |2 rdacontent 
337 |a unmediated  |2 rdamedia 
338 |a volume  |2 rdacarrier 
650 0 |a Capitalism 
650 0 |a Economic policy 
999 |a 00398477   |b BUKU   |c PINJAMAN   |e PERPUSTAKAAN KOMUNITI PETALING JAYA